[Event "NRW Class2 0708"]
[Site "Germany"]
[Date "2008.04.27"]
[Round "9.5"]
[White "Sarana Hungeling, Oksana"]
[Black "Terwey, Matthias"]
[Result "1-0"]
[WhiteElo "2284"]
[BlackElo "2050"]
[PlyCount "97"]
[EventDate "2007.09.16"]
[EventType "team"]
[EventRounds "9"]
[EventCountry "GER"]
[SourceTitle "EXT 2009"]
[Source "ChessBase"]
[SourceDate "2008.11.26"]
[SourceVersion "1"]
[SourceVersionDate "2008.11.26"]
[SourceQuality "1"]
[WhiteTeam "Emsdetten II"]
[BlackTeam "Muenster II"]
[WhiteTeamCountry "GER"]
[BlackTeamCountry "GER"]

1. e4 e5 2. Nf3 Nc6 3. Bb5 a6 4. Ba4 Nf6 5. Qe2 b5 6. Bb3 Bc5 7. c3 0-0 8. d3 d5 9. Bg5 dxe4 10. dxe4 Qe7 11. Nbd2 Be6 12. 0-0 h6 13. Bh4 Rfd8 14. Rfd1 Rd7 15. Bc2 Rb8 16. b4 Ba7 17. a4 g5 18. Bg3 Nh5 19. axb5 axb5 20. Bd3 g4 21. Nh4 Nf4 22. Bxf4 exf4 23. Bxb5 Bxf2+ 24. Kxf2 Qxh4+ 25. Kg1 Ne5 26. Bxd7 Bxd7 27. Ra5 Re8 28. Rf1 g3 29. Nf3 Qh5 30. Qd2 Bg4 31. Rxe5 Rxe5 32. Qxf4 Bxf3 33. Rxf3 Qxh2+ 34. Kf1 Qh1+ 35. Ke2 Qxg2+ 36. Kd3 Qxf3+ 37. Qxf3 Rg5 38. Qg2 h5 39. Ke3 h4 40. Kf3 Kg7 41. Qd2 Kf6 42. Qf4+ Kg6 43. Qxc7 g2 44. Qb6+ Kh5 45. Qg1 Rg3+ 46. Kf2 Kg4 47. Qxg2 Rxg2+ 48. Kxg2 Kf4 49. b5 1-0

[Event "NRW Class2 0708"]
[Site "Germany"]
[Date "2007.09.16"]
[Round "1.7"]
[White "Terwey, Matthias"]
[Black "Novikov, Sergey"]
[Result "1/2-1/2"]
[WhiteElo "2050"]
[BlackElo "2248"]
[PlyCount "81"]
[EventDate "2007.09.16"]
[EventType "team"]
[EventRounds "9"]
[EventCountry "GER"]
[SourceTitle "EXT 2009"]
[Source "ChessBase"]
[SourceDate "2008.11.26"]
[SourceVersion "1"]
[SourceVersionDate "2008.11.26"]
[SourceQuality "1"]
[WhiteTeam "Muenster II"]
[BlackTeam "Niederkassel"]
[WhiteTeamCountry "GER"]
[BlackTeamCountry "GER"]

1. d4 d5 2. Nf3 Nf6 3. e3 Bf5 4. c4 c6 5. Nc3 e6 6. Bd3 Bxd3 7. Qxd3 Bb4 8. 0-0 0-0 9. Bd2 Nbd7 10. a3 Bxc3 11. Bxc3 Ne4 12. Rfd1 f5 13. Ne1 Rf6 14. f3 Nd6 15. b3 Rh6 16. Qe2 Qh4 17. g3 Qh5 18. Ra2 Nf6 19. Nd3 g5 20. Bb4 Rd8 21. Bxd6 Rxd6 22. Ne5 Rd8 23. b4 Nd7 24. Nxd7 Rxd7 25. c5 Rg7 26. a4 Qf7 27. b5 f4 28. exf4 gxf4 29. g4 Rf6 30. Qe5 h5 31. h3 hxg4 32. hxg4 Rh7 33. Rh2 Rxh2 34. Kxh2 Qh7+ 35. Kg1 Qh3 36. Rd2 Rh6 37. Qg5+ Kh7 38. Qxh6+ Qxh6 39. Rh2 Kg6 40. Rxh6+ Kxh6 41. Kf2 1/2-1/2

[Event "Dortmund op-A"]
[Site "Dortmund"]
[Date "2007.06.26"]
[Round "4"]
[White "Terwey, Matthias"]
[Black "Klobuschinski, Lukas"]
[Result "0-1"]
[WhiteElo "2063"]
[BlackElo "1830"]
[PlyCount "50"]
[EventDate "2007.06.22"]
[EventType "swiss"]
[EventRounds "9"]
[EventCountry "GER"]
[SourceTitle "EXT 2008"]
[Source "ChessBase"]
[SourceDate "2007.11.25"]
[SourceVersion "1"]
[SourceVersionDate "2007.11.25"]
[SourceQuality "1"]

1. Nf3 Nf6 2. c4 e6 3. d4 d5 4. e3 b6 5. Nc3 Bb7 6. Bd3 Nbd7 7. 0-0 c5 8. Qe2 Be7 9. Bd2 0-0 10. Rac1 Rc8 11. Rfd1 Ne4 12. Bb1 f5 13. Be1 Ba6 14. b3 Qe8 15. Bd3 Bb7 16. cxd5 Nxc3 17. Bxc3 Bxd5 18. e4 fxe4 19. Bxe4 Nf6 20. Bb1 Qh5 21. Qe5 Bxf3 22. Qxe6+ Kh8 23. gxf3 cxd4 24. Bxd4 Rxc1 25. Rxc1 Qg5+ 0-1

[Event "NRW Class2 0607"]
[Site "Germany"]
[Date "2007.04.15"]
[Round "8.7"]
[White "Terwey, Matthias"]
[Black "Marcks, Martin"]
[Result "0-1"]
[WhiteElo "2063"]
[BlackElo "2184"]
[PlyCount "48"]
[EventDate "2006.09.17"]
[EventType "team-tourn"]
[EventRounds "9"]
[EventCountry "GER"]
[SourceTitle "EXT 2008"]
[Source "ChessBase"]
[SourceDate "2007.11.25"]
[SourceVersion "1"]
[SourceVersionDate "2007.11.25"]
[SourceQuality "1"]
[WhiteTeam "Muenster II"]
[BlackTeam "Koeln Brueck"]
[WhiteTeamCountry "GER"]
[BlackTeamCountry "GER"]

1. e4 c5 2. Nf3 d6 3. g3 g6 4. Bg2 Bg7 5. 0-0 Nc6 6. d3 e6 7. Nc3 Nge7 8. Be3 Nd4 9. Qd2 Nec6 10. Rae1 0-0 11. Ne2 Nxf3+ 12. Bxf3 Qf6 13. Bg2 Qxb2 14. Rb1 Qa3 15. Bh6 Qa5 16. c3 Rb8 17. Bxg7 Kxg7 18. f4 Qc7 19. f5 f6 20. Nf4 Qf7 21. d4 exf5 22. exf5 Bxf5 23. Nh5+ Kh8 24. Qh6 Bxb1 0-1

[Event "NRW Class2 0607"]
[Site "Germany"]
[Date "2006.12.17"]
[Round "4.7"]
[White "Terwey, Matthias"]
[Black "Rosen, Willy"]
[Result "0-1"]
[WhiteElo "2063"]
[BlackElo "2301"]
[PlyCount "150"]
[EventDate "2006.09.17"]
[EventType "team-tourn"]
[EventRounds "9"]
[EventCountry "GER"]
[SourceTitle "EXT 2008"]
[Source "ChessBase"]
[SourceDate "2007.11.25"]
[SourceVersion "1"]
[SourceVersionDate "2007.11.25"]
[SourceQuality "1"]
[WhiteTeam "Muenster II"]
[BlackTeam "Katernberg II"]
[WhiteTeamCountry "GER"]
[BlackTeamCountry "GER"]

1. Nf3 Nf6 2. d4 e6 3. e3 c5 4. c3 b6 5. Bd3 Bb7 6. Nbd2 Be7 7. 0-0 0-0 8. Re1 d6 9. a4 Nbd7 10. e4 Qc7 11. e5 dxe5 12. dxe5 Ng4 13. Qe2 Rad8 14. Be4 Bxe4 15. Qxe4 Nh6 16. Nc4 Nf5 17. g4 Nh6 18. Bxh6 gxh6 19. Rad1 f5 20. gxf5 Rxf5 21. Nd6 Rff8 22. Qg4+ Kh8 23. Qxe6 Bxd6 24. exd6 Qc6 25. Ne5 Rg8+ 26. Kf1 Qg2+ 27. Ke2 Rde8 28. Qxd7 Rxe5+ 29. Kd3 Qf3+ 30. Kc4 a6 31. Kb3 b5 32. Ka2 Qf4 33. Qc6 Qxa4+ 34. Kb1 Re2 35. Rc1 Qc4 36. Qf3 Re6 37. Rxe6 Qxe6 38. Rd1 Rd8 39. Qf4 Qg6+ 40. Ka1 Qg5 41. Qe3 Qxe3 42. fxe3 Kg7 43. d7 Kf6 44. Rd6+ Ke5 45. Rxa6 Rxd7 46. Rxh6 Kd5 47. Kb1 Re7 48. Rh5+ Kc6 49. Rh3 Rf7 50. Kc2 c4 51. b4 Kd5 52. Rh4 Rf2+ 53. Kd1 Ke5 54. h3 Rh2 55. Kc1 h6 56. Kd1 Kd5 57. Rd4+ Ke5 58. h4 h5 59. Rf4 Rh1+ 60. Ke2 Rc1 61. Kd2 Rh1 62. Ke2 Rc1 63. Kf3 Rf1+ 64. Kg3 Rc1 65. Rf8 Rxc3 66. Rb8 Rxe3+ 67. Kf2 Rb3 68. Rxb5+ Kd4 69. Rb8 c3 70. Ke2 Rb2+ 71. Kd1 Kc4 72. b5 Rd2+ 73. Kc1 Kb3 74. b6 Rd6 75. b7 c2 0-1

[Event "NRW Class2 0607"]
[Site "Germany"]
[Date "2006.11.26"]
[Round "3.8"]
[White "Terwey, Matthias"]
[Black "Pinnel, Peter"]
[Result "1/2-1/2"]
[WhiteElo "2063"]
[BlackElo "2138"]
[PlyCount "45"]
[EventDate "2006.09.17"]
[EventType "team-tourn"]
[EventRounds "9"]
[EventCountry "GER"]
[SourceTitle "EXT 2008"]
[Source "ChessBase"]
[SourceDate "2007.11.25"]
[SourceVersion "1"]
[SourceVersionDate "2007.11.25"]
[SourceQuality "1"]
[WhiteTeam "Muenster II"]
[BlackTeam "Hagen"]
[WhiteTeamCountry "GER"]
[BlackTeamCountry "GER"]

1. e4 e6 2. d4 d5 3. Nc3 Nf6 4. e5 Nfd7 5. Nf3 c5 6. Ne2 cxd4 7. Nexd4 Nc6 8. Nxc6 bxc6 9. Bd3 Qc7 10. Qe2 Be7 11. c3 Nc5 12. 0-0 a5 13. Re1 Nxd3 14. Qxd3 c5 15. Bf4 Qb6 16. Qc2 Rb8 17. Rab1 Ba6 18. h4 h6 19. h5 Qb5 20. Nd2 Qd3 21. Qa4+ Qb5 22. Qc2 Qd3 23. Qa4+ 1/2-1/2

[Event "Werther Schloss op-A 11th"]
[Site "Werther"]
[Date "2005.03.20"]
[Round "4"]
[White "Emde, Rainer"]
[Black "Terwey, Matthias"]
[Result "1/2-1/2"]
[WhiteElo "2110"]
[BlackElo "2068"]
[PlyCount "81"]
[EventDate "2005.03.18"]
[EventType "swiss"]
[EventRounds "5"]
[EventCountry "GER"]
[SourceTitle "CBM 105 Extra"]
[Source "ChessBase"]
[SourceDate "2005.05.01"]
[SourceVersion "1"]
[SourceVersionDate "2005.05.01"]
[SourceQuality "1"]

1. d4 Nf6 2. Nf3 d5 3. c4 e6 4. e3 Be7 5. b3 0-0 6. Bd3 b6 7. 0-0 Bb7 8. Bb2 Nbd7 9. Nc3 Ne4 10. Nd2 f5 11. f3 Nxd2 12. Qxd2 c5 13. Qc2 Nf6 14. cxd5 cxd4 15. exd4 Nxd5 16. Nxd5 Bxd5 17. Bc4 Rc8 18. Qe2 Bf6 19. Ba6 Rc7 20. Rac1 Rff7 21. Rfd1 Qd6 22. Bc4 Rfd7 23. Kh1 Kf7 24. Bb5 Rxc1 25. Rxc1 Rc7 26. Rxc7+ Qxc7 27. Bd3 Qf4 28. Qf2 Bg5 29. Kg1 Qd2 30. Qxd2 Bxd2 31. Kf2 Ke7 32. Ke2 Bb4 33. Bc1 Bc3 34. Bg5+ Kd7 35. Ke3 Bb2 36. Bb5+ Bc6 37. Bxc6+ Kxc6 38. Kd3 Kd5 39. Be3 b5 40. g4 g6 41. h3 1/2-1/2

[Event "Muensterland Verbandsliga 0405"]
[Site "Muensterland"]
[Date "2005.02.19"]
[Round "6.1"]
[White "Terwey, Matthias"]
[Black "Fuest, Martin"]
[Result "1/2-1/2"]
[WhiteElo "2037"]
[BlackElo "2097"]
[PlyCount "63"]
[EventDate "2004.09.18"]
[EventType "team"]
[EventRounds "9"]
[EventCountry "GER"]
[SourceTitle "EXT 2006"]
[Source "ChessBase"]
[SourceDate "2005.11.24"]
[SourceVersion "1"]
[SourceVersionDate "2005.11.24"]
[SourceQuality "1"]
[WhiteTeam "Muenster II"]
[BlackTeam "Bocholt"]
[WhiteTeamCountry "GER"]
[BlackTeamCountry "GER"]

1. e4 c6 2. d4 d5 3. Nc3 dxe4 4. Nxe4 Nd7 5. Nf3 Ngf6 6. Ng3 e6 7. Bd3 c5 8. c3 Be7 9. 0-0 0-0 10. Re1 b6 11. Bg5 Bb7 12. Ne5 Nxe5 13. dxe5 Nd5 14. Bxe7 Nxe7 15. Qe2 Ng6 16. Rad1 Qc7 17. h4 Rad8 18. Bxg6 fxg6 19. Rxd8 Rxd8 20. Rd1 h5 21. f4 Rxd1+ 22. Qxd1 Qc6 23. Qd2 c4 24. a3 Kh7 25. Nf1 Qe4 26. Qf2 b5 27. Kh2 a6 28. Ng3 Qd5 29. Nf1 Qd3 30. Ne3 Be4 31. Qe1 Bc6 32. Qf2 1/2-1/2

[Event "Ruhrgebiet-ch"]
[Site "Oberhausen"]
[Date "2004.07.19"]
[Round "6"]
[White "Terwey, Matthias"]
[Black "Henrichs, Wenke"]
[Result "0-1"]
[WhiteElo "2044"]
[BlackElo "1965"]
[PlyCount "102"]
[EventDate "2004.06.10"]
[EventType "swiss"]
[EventRounds "7"]
[EventCountry "GER"]
[SourceTitle "EXT 2006"]
[Source "ChessBase"]
[SourceDate "2005.11.24"]
[SourceVersion "1"]
[SourceVersionDate "2005.11.24"]
[SourceQuality "1"]

1. e4 d6 2. d4 Nf6 3. Nc3 g6 4. f4 Bg7 5. Nf3 0-0 6. Be2 c5 7. 0-0 cxd4 8. Nxd4 Qb6 9. Be3 Qxb2 10. Qd2 Nc6 11. Rab1 Qa3 12. Ncb5 Qa4 13. Nxc6 bxc6 14. Nc7 Nxe4 15. Qb4 Qxb4 16. Rxb4 Nc3 17. Bc4 c5 18. Rb3 Bf5 19. Nxa8 Rxa8 20. Rb7 Bf6 21. Bd2 Be4 22. Rd7 Nd5 23. Bxd5 Bxd5 24. Re1 Kf8 25. a3 a5 26. h3 h5 27. g4 hxg4 28. hxg4 Be6 29. Rb7 Bxg4 30. c4 a4 31. Kg2 Bf5 32. Kf3 Be6 33. Rc1 Kg7 34. Be3 Rh8 35. Ra7 Rh3+ 36. Ke2 Bg4+ 37. Kd3 Bf5+ 38. Ke2 Bb2 39. Re1 Bxa3 40. Rxa4 Bb4 41. Rg1 Bc3 42. Rc1 Bb2 43. Re1 Be4 44. Ra7 Rh2+ 45. Kf1 Rh1+ 46. Bg1 Bd4 47. Rxe4 Rxg1+ 48. Ke2 Bf6 49. Re3 Rc1 50. Ra4 Rc2+ 51. Ke1 Bh4+ 0-1

[Event "Ruhrgebiet-ch"]
[Site "Oberhausen"]
[Date "2004.06.18"]
[Round "5"]
[White "Grube, Frank"]
[Black "Terwey, Matthias"]
[Result "0-1"]
[WhiteElo "1912"]
[BlackElo "2044"]
[PlyCount "62"]
[EventDate "2004.06.10"]
[EventType "swiss"]
[EventRounds "7"]
[EventCountry "GER"]
[SourceTitle "EXT 2006"]
[Source "ChessBase"]
[SourceDate "2005.11.24"]
[SourceVersion "1"]
[SourceVersionDate "2005.11.24"]
[SourceQuality "1"]

1. Nf3 c5 2. c4 Nc6 3. g3 Nf6 4. Bg2 e6 5. Nc3 d5 6. cxd5 exd5 7. d4 Bg4 8. Ne5 Be6 9. e3 Bd6 10. Qa4 0-0 11. Nxc6 bxc6 12. Qxc6 cxd4 13. exd4 Rc8 14. Qb5 Rc4 15. Be3 Bb4 16. 0-0 Ne8 17. Nxd5 Nd6 18. Qa6 Bc8 19. Qxa7 Bb7 20. Nxb4 Bxg2 21. Kxg2 Rxb4 22. Qa3 Qb6 23. b3 Nf5 24. Rfd1 Re8 25. Rac1 Nxd4 26. Bxd4 Rxd4 27. Rxd4 Qxd4 28. Qc5 Qe4+ 29. Kg1 h5 30. Qc4 Qf3 31. Qc6 Re1+ 0-1

[Event "Essen Easter op 10th"]
[Site "Essen"]
[Date "2004.04.08"]
[Round "2"]
[White "Terwey, Matthias"]
[Black "Shaposhnikov, Evgeny"]
[Result "0-1"]
[WhiteElo "2104"]
[BlackElo "2573"]
[PlyCount "50"]
[EventDate "2004.04.07"]
[EventType "swiss"]
[EventRounds "9"]
[EventCountry "GER"]
[SourceTitle "CBM 099 Extra"]
[Source "ChessBase"]
[SourceDate "2004.05.04"]
[SourceVersion "1"]
[SourceVersionDate "2004.05.04"]
[SourceQuality "1"]

1. e4 c5 2. Nf3 e6 3. d3 d5 4. Nc3 Nc6 5. g3 Nf6 6. Bg2 Be7 7. 0-0 0-0 8. Re1 d4 9. Ne2 e5 10. c3 Be6 11. cxd4 cxd4 12. Ng5 Bd7 13. f4 Ng4 14. Nf3 f6 15. h3 Ne3 16. Bxe3 dxe3 17. d4 exd4 18. Nexd4 Bc5 19. Rxe3 Nxd4 20. Nxd4 Ba4 21. Qxa4 Qxd4 22. Qxd4 Bxd4 23. Kf2 Rac8 24. Kf3 Bxe3 25. Kxe3 Rc2 0-1

[Event "Werther Schloss op-A 10th"]
[Site "Werther"]
[Date "2004.04.04"]
[Round "4"]
[White "Funke, Klaus"]
[Black "Terwey, Matthias"]
[Result "1-0"]
[WhiteElo "2035"]
[BlackElo "2074"]
[PlyCount "35"]
[EventDate "2004.04.02"]
[EventType "swiss"]
[EventRounds "5"]
[EventCountry "GER"]
[SourceTitle "CBM 099 Extra"]
[Source "ChessBase"]
[SourceDate "2004.05.04"]
[SourceVersion "1"]
[SourceVersionDate "2004.05.04"]
[SourceQuality "1"]

1. e4 c5 2. Nf3 Nc6 3. d4 cxd4 4. Nxd4 Nf6 5. Nc3 e5 6. Ndb5 d6 7. Bg5 a6 8. Na3 b5 9. Bxf6 gxf6 10. Nd5 f5 11. Bd3 fxe4 12. Bxe4 Ra7 13. c3 Qg5 14. h4 Qh6 15. Qf3 f5 16. Bxf5 Rf7 17. Nf6+ Kd8 18. Qxc6 1-0

[Event "Ruhrgebiet VK1 0304"]
[Site "Ruhrgebiet"]
[Date "2004.01.11"]
[Round "5.1"]
[White "Terwey, Matthias"]
[Black "Belic, Jordanka"]
[Result "1-0"]
[WhiteElo "2000"]
[BlackElo "2291"]
[PlyCount "62"]
[EventDate "2003.09.28"]
[EventType "team"]
[EventRounds "9"]
[EventCountry "GER"]
[SourceTitle "EXT 2007"]
[Source "ChessBase"]
[SourceDate "2006.11.23"]
[SourceVersion "1"]
[SourceVersionDate "2006.11.23"]
[SourceQuality "1"]
[WhiteTeam "Drewer SG"]
[BlackTeam "Dortmund Kleiner Koenig"]
[WhiteTeamCountry "GER"]
[BlackTeamCountry "GER"]

1. e4 Nc6 2. Nf3 d6 3. d4 Bg4 4. Be2 e5 5. d5 Nce7 6. c4 g6 7. Be3 Bg7 8. Nbd2 Nf6 9. 0-0 0-0 10. Rc1 b6 11. b4 a5 12. c5 axb4 13. cxb6 cxb6 14. Qb3 Nd7 15. Qxb4 Nc5 16. Nc4 Rxa2 17. Rfe1 Nc8 18. Na3 Rxe2 19. Rxe2 Nd3 20. Rxc8 Qxc8 21. Qxd6 Bxf3 22. gxf3 Qh3 23. Nc2 Qxf3 24. Rd2 Qg4+ 25. Kf1 Qxe4 26. Kg1 Qg4+ 27. Kf1 Nb2 28. Qb4 Nc4 29. Rd3 Rc8 30. d6 e4 31. Rd5 Nxe3+ 1-0

[Event "Ruhrgebiet VK1 0304"]
[Site "Ruhrgebiet"]
[Date "2003.09.28"]
[Round "1.1"]
[White "Curic, Drazen"]
[Black "Terwey, Matthias"]
[Result "0-1"]
[WhiteElo "2189"]
[BlackElo "2000"]
[PlyCount "90"]
[EventDate "2003.09.28"]
[EventType "team"]
[EventRounds "9"]
[EventCountry "GER"]
[SourceTitle "EXT 2007"]
[Source "ChessBase"]
[SourceDate "2006.11.23"]
[SourceVersion "1"]
[SourceVersionDate "2006.11.23"]
[SourceQuality "1"]
[WhiteTeam "Altenessen"]
[BlackTeam "Drewer SG"]
[WhiteTeamCountry "GER"]
[BlackTeamCountry "GER"]

1. c4 Nf6 2. Nc3 g6 3. e4 d6 4. d4 Bg7 5. Nf3 0-0 6. Be2 c5 7. d5 e6 8. 0-0 exd5 9. cxd5 Re8 10. Nd2 a6 11. a4 Nbd7 12. f4 b6 13. Bf3 Rb8 14. Nc4 Qc7 15. g3 b5 16. axb5 axb5 17. Nxd6 Qxd6 18. e5 Qb6 19. Be3 Bh6 20. Qd2 Nh5 21. b4 Nxe5 22. fxe5 cxb4 23. Bxb6 Bxd2 24. Ne4 Rxb6 25. Nxd2 Rxe5 26. Ra8 Re8 27. Bxh5 gxh5 28. Rf4 Bd7 29. Rxe8+ Bxe8 30. Kf2 Kf8 31. Ke3 Ke7 32. Kd4 Rf6 33. Re4+ Kd8 34. Kc5 Rf2 35. Nb3 Rxh2 36. Nd4 Bd7 37. Nc6+ Bxc6 38. dxc6 b3 39. Kb6 Rc2 40. Kb7 b2 41. Rd4+ Ke7 42. Rb4 Kd6 43. Rxb5 Rxc6 44. Rxb2 Rc3 45. Rh2 Rxg3 0-1

[Event "Recklinghausen op 14th"]
[Site "Recklinghausen"]
[Date "2003.08.21"]
[Round "4"]
[White "Terwey, Matthias"]
[Black "Michalczak, Thomas"]
[Result "0-1"]
[WhiteElo "2101"]
[BlackElo "2333"]
[PlyCount "82"]
[EventDate "2003.08.18"]
[EventType "swiss"]
[EventRounds "7"]
[EventCountry "GER"]
[SourceTitle "CBM 095 Extra"]
[Source "ChessBase"]
[SourceDate "2003.09.04"]
[SourceVersion "1"]
[SourceVersionDate "2003.09.04"]
[SourceQuality "1"]

1. e4 e5 2. Nf3 Nc6 3. Bb5 a6 4. Ba4 Nf6 5. 0-0 Be7 6. Re1 b5 7. Bb3 0-0 8. c3 d5 9. exd5 Nxd5 10. Nxe5 Nxe5 11. Rxe5 c6 12. d4 Bd6 13. Re1 Qh4 14. g3 Qh3 15. Qd3 Bf5 16. Qf1 Qh5 17. Bd1 Qg6 18. Nd2 Nf4 19. Re3 Bh3 20. Qe1 Ng2 21. Qe2 Nxe3 22. fxe3 Bxg3 23. hxg3 Qxg3+ 24. Kh1 Rae8 25. Nf3 Re6 26. Qh2 Qg4 27. e4 Rf6 28. Qe2 Qg3 29. Qh2 Rxf3 30. Qxg3 Rxg3 31. Kh2 Bg4 32. Kxg3 Bxd1 33. Bf4 Bc2 34. Re1 Re8 35. Kf3 f5 36. e5 h6 37. b3 g5 38. Bd2 Kf7 39. c4 Ke6 40. Rc1 Be4+ 41. Ke3 h5 0-1

[Event "Dortmund op-A"]
[Site "Dortmund"]
[Date "2003.08.10"]
[Round "9"]
[White "Hoffmann, Udo"]
[Black "Terwey, Matthias"]
[Result "1-0"]
[WhiteElo "1947"]
[BlackElo "2101"]
[PlyCount "69"]
[EventDate "2003.08.01"]
[EventType "swiss"]
[EventRounds "9"]
[EventCountry "GER"]
[SourceTitle "CBM 095 Extra"]
[Source "ChessBase"]
[SourceDate "2003.09.04"]
[SourceVersion "1"]
[SourceVersionDate "2003.09.04"]
[SourceQuality "1"]

1. e4 e5 2. Nc3 Bc5 3. Bc4 Nf6 4. d3 d6 5. Be3 Bxe3 6. fxe3 c6 7. Bb3 Na6 8. Nf3 Nc5 9. Na4 Nxb3 10. axb3 0-0 11. Qe2 Bg4 12. h3 Be6 13. g4 Qa5+ 14. Qd2 Qxd2+ 15. Kxd2 h5 16. gxh5 Nxh5 17. Nh4 g6 18. Rag1 Kh7 19. Rh2 Rh8 20. Nf3 Kg7 21. h4 Rh6 22. Rhg2 Nf6 23. Rg3 Rah8 24. R3g2 Ng8 25. Nc3 Ne7 26. b4 Bd7 27. Kc1 Be8 28. Ne2 f5 29. Ng3 Rf8 30. Ng5 Bd7 31. exf5 Nxf5 32. Nxf5+ Rxf5 33. Rh2 Rh5 34. Ne4 d5 35. Ng3 1-0

[Event "Dortmund op-A"]
[Site "Dortmund"]
[Date "2003.08.08"]
[Round "7"]
[White "Picatoste Verdejo, Sergio"]
[Black "Terwey, Matthias"]
[Result "0-1"]
[WhiteElo "2150"]
[BlackElo "2101"]
[PlyCount "92"]
[EventDate "2003.08.01"]
[EventType "swiss"]
[EventRounds "9"]
[EventCountry "GER"]
[SourceTitle "CBM 095 Extra"]
[Source "ChessBase"]
[SourceDate "2003.09.04"]
[SourceVersion "1"]
[SourceVersionDate "2003.09.04"]
[SourceQuality "1"]

1. e4 e5 2. Nf3 Nc6 3. Nc3 Nf6 4. Bb5 d6 5. 0-0 Bd7 6. d4 exd4 7. Nxd4 Be7 8. Be2 0-0 9. Be3 Re8 10. Qd2 Ng4 11. Bxg4 Bxg4 12. f3 Bd7 13. g4 Ne5 14. b3 c6 15. Kh1 Qa5 16. Rad1 Rad8 17. h3 b5 18. f4 Ng6 19. Nf5 b4 20. Ne2 c5 21. Nxe7+ Nxe7 22. Qxd6 Bxg4 23. Qxc5 Qxc5 24. Bxc5 Rxd1 25. Rxd1 Bxe2 26. Rd2 Bf3+ 27. Kh2 Nc6 28. e5 f6 29. Kg3 Be4 30. exf6 gxf6 31. Rd7 Re6 32. Bxa7 Nxa7 33. Rxa7 Bxc2 34. Rb7 Re4 35. Kf3 Bb1 36. h4 h6 37. Ra7 Kf8 38. Rb7 Rd4 39. Ke3 Rd3+ 40. Ke2 Rh3 41. Rxb4 Bxa2 42. Rb6 Kg7 43. b4 Rxh4 44. Kf3 h5 45. Rb8 Kg6 46. b5 Kf5 0-1

[Event "Dortmund op-A"]
[Site "Dortmund"]
[Date "2003.08.04"]
[Round "4"]
[White "Terwey, Matthias"]
[Black "Schilling, Dietmar"]
[Result "1-0"]
[WhiteElo "2101"]
[BlackElo "1810"]
[PlyCount "85"]
[EventDate "2003.08.01"]
[EventType "swiss"]
[EventRounds "9"]
[EventCountry "GER"]
[SourceTitle "CBM 095 Extra"]
[Source "ChessBase"]
[SourceDate "2003.09.04"]
[SourceVersion "1"]
[SourceVersionDate "2003.09.04"]
[SourceQuality "1"]

1. e4 d5 2. exd5 Qxd5 3. Nc3 Qa5 4. d4 e5 5. dxe5 Bb4 6. f4 Nc6 7. Bd2 Bf5 8. Nf3 0-0-0 9. Bc4 Nh6 10. Qe2 Bxc2 11. 0-0 Nf5 12. Rac1 Ncd4 13. Nxd4 Nxd4 14. Qf2 Nf5 15. Kh1 Bd3 16. Bxd3 Rxd3 17. a3 Bc5 18. Ne4 Bxf2 19. Bxa5 Bb6 20. Bxb6 axb6 21. Rfd1 Rxd1+ 22. Rxd1 h6 23. Kg1 Rd8 24. Rxd8+ Kxd8 25. Kf2 Kd7 26. Ke2 Ke6 27. Kd3 Ne7 28. Nc3 Nd5 29. Nxd5 Kxd5 30. a4 Kc5 31. Ke4 b5 32. axb5 Kxb5 33. Kd5 c6+ 34. Kd6 Kc4 35. f5 Kb3 36. e6 fxe6 37. fxe6 Kxb2 38. e7 b5 39. e8Q b4 40. Kc5 b3 41. Kb4 c5+ 42. Kc4 Ka2 43. Qa4+ 1-0